000 00841nam a2200253Ia 4500
003 OSt
005 20221005110840.0
006 a|||||r|||| 00| 0
007 ta
008 221004b |||||||| |||| 00| 0 hin d
020 _a9788126719815 (hbk)
_c350
024 _a105661
037 _b1466, 17/03/2011, Kiran Book Service
_cTextual
040 _aCRL
_cCRL
_bhin
041 _2hin
_ahin
082 _aO152,3N38,MA, Q1
100 _aएहतेशाम, मंजूर
245 0 _aमदरसा
246 _aMadarasā
260 _aनई दिल्ली
_bराजकमल प्रकाशन भारत
_c2011
300 _a295पृ0
_ccm.
942 _hO152,3N38,MA, Q1
_cTEXL
_2cc
999 _c1020061
_d1020061